<?xml version="1.0" encoding="UTF-8"?><?xml-stylesheet type="text/xsl" href="static/style.xsl"?><OAI-PMH xmlns="http://www.openarchives.org/OAI/2.0/" xmlns:xsi="http://www.w3.org/2001/XMLSchema-instance" xsi:schemaLocation="http://www.openarchives.org/OAI/2.0/ http://www.openarchives.org/OAI/2.0/OAI-PMH.xsd"><responseDate>2026-04-17T12:22:15Z</responseDate><request verb="GetRecord" identifier="oai:riubu.ubu.es:10259/7049" metadataPrefix="marc">https://riubu.ubu.es/oai/request</request><GetRecord><record><header><identifier>oai:riubu.ubu.es:10259/7049</identifier><datestamp>2024-05-20T09:48:08Z</datestamp><setSpec>com_10259.4_104</setSpec><setSpec>com_10259_2604</setSpec><setSpec>col_10259_6848</setSpec></header><metadata><record xmlns="http://www.loc.gov/MARC21/slim" xmlns:doc="http://www.lyncode.com/xoai" xmlns:xsi="http://www.w3.org/2001/XMLSchema-instance" xmlns:dcterms="http://purl.org/dc/terms/" xsi:schemaLocation="http://www.loc.gov/MARC21/slim http://www.loc.gov/standards/marcxml/schema/MARC21slim.xsd">
<leader>00925njm 22002777a 4500</leader>
<datafield tag="042" ind1=" " ind2=" ">
<subfield code="a">dc</subfield>
</datafield>
<datafield tag="720" ind1=" " ind2=" ">
<subfield code="a">Ramírez Buitrago, Felipe Andrés</subfield>
<subfield code="e">author</subfield>
</datafield>
<datafield tag="720" ind1=" " ind2=" ">
<subfield code="a">Correal Huertas, Nicolás Adolfo</subfield>
<subfield code="e">author</subfield>
</datafield>
<datafield tag="720" ind1=" " ind2=" ">
<subfield code="a">Ramírez Leuro, Laura Daniela</subfield>
<subfield code="e">author</subfield>
</datafield>
<datafield tag="720" ind1=" " ind2=" ">
<subfield code="a">Sandoval Pedreros, Daniel Andrés</subfield>
<subfield code="e">author</subfield>
</datafield>
<datafield tag="720" ind1=" " ind2=" ">
<subfield code="a">Rubio Caballero, Luis Alberto</subfield>
<subfield code="e">author</subfield>
</datafield>
<datafield tag="260" ind1=" " ind2=" ">
<subfield code="c">2021-07</subfield>
</datafield>
<datafield tag="520" ind1=" " ind2=" ">
<subfield code="a">The pandemic made the transport system administration switch the way decisions were made&#xd;
in topics such as the response speed, resilience to shifts in the demand, and the new policy&#xd;
needs. Therefore, public transport requires monitoring tools, such as dashboards, and an&#xd;
emphasis in user characterization, in addition to traditional modeling and supply-demand&#xd;
indicators historically used by TransMilenio in order to command the operation of the public&#xd;
transport system of Bogotá D.C.&#xd;
This study employed descriptive spatial and statistical analysis to comprehend the relations&#xd;
among the registers of contagion waves, user polls and the boarding information on SITP.&#xd;
Complementarily, the article shows the shifts in the demand towards the regulatory&#xd;
milestones for the pandemic, and how short-term changes in bus supply were made due to&#xd;
these set of regulations.&#xd;
The paper also provides a recap of the international discussion about the occupation,&#xd;
efficiency, and biosecurity of massive public transport systems. The main results for&#xd;
TransMilenio were some supply changes, among others.</subfield>
</datafield>
<datafield tag="024" ind2=" " ind1="8">
<subfield code="a">978-84-18465-12-3</subfield>
</datafield>
<datafield tag="024" ind2=" " ind1="8">
<subfield code="a">http://hdl.handle.net/10259/7049</subfield>
</datafield>
<datafield tag="024" ind2=" " ind1="8">
<subfield code="a">10.36443/10259/7049</subfield>
</datafield>
<datafield ind1=" " ind2=" " tag="653">
<subfield code="a">Transporte público</subfield>
</datafield>
<datafield ind1=" " ind2=" " tag="653">
<subfield code="a">COVID-19</subfield>
</datafield>
<datafield ind1=" " ind2=" " tag="653">
<subfield code="a">Public transport</subfield>
</datafield>
<datafield tag="245" ind1="0" ind2="0">
<subfield code="a">Tools for the monitoring, user characterization, and their applications to the public integrated transport system due to the COVID 19 disease effects: A case study in Bogotá, TransMilenio company</subfield>
</datafield>
</record></metadata></record></GetRecord></OAI-PMH>